| 000 | 00858cam a2200265 i 4500 | ||
|---|---|---|---|
| 001 | 30685 | ||
| 003 | BD-RjUL | ||
| 005 | 20211209051612.0 | ||
| 008 | 140410r19761947ilua b 001 0 eng d | ||
| 035 | _a(BD-RjUL)30772 | ||
| 040 |
_aNNC _cNNC _beng _dBD-RjUL |
||
| 041 | _aeng | ||
| 082 |
_a151 _bHAB 1947 |
||
| 090 |
_aQP385 _b.H3 1976 |
||
| 100 | 1 |
_aHalstead, Ward C. _q(Ward Campbell), _d1908- _993213 |
|
| 245 | 1 | 0 |
_aBrain and intelligence : _ba quantitative study of the frontal lobes / _cby Ward C. Halstead. |
| 260 |
_aChicago : _bUniversity of Chicago Press, _c c1947. |
||
| 300 |
_axiii, 206 p. : _bill. ; _c23 cm. |
||
| 490 | 1 | _aMidway reprints | |
| 504 | _aBibliography: [179]-199 & Includes indexes. | ||
| 650 | 0 |
_aBrain _xLocalization of functions. _990635 |
|
| 650 | 0 |
_aIntellect. _9395 |
|
| 830 | 0 |
_aMidway reprints. _993220 |
|
| 942 |
_2ddc _cBK |
||
| 999 |
_c30685 _d30685 |
||